| 000 | 00607nam a2200193 i 4500 | ||
|---|---|---|---|
| 001 | 151061 | ||
| 003 | ES-MaACL | ||
| 005 | 20251003190527.0 | ||
| 007 | t| | ||
| 008 | 071204s1923 sp ||||1| spa d | ||
| 100 | 1 |
_aBéraud, Henri. _927832 |
|
| 245 | 1 | 3 |
_aEl martirio del obeso _b: novela / _cHenri Béraud ; traducción de J. de Sáseta ; introducción de I. L. Lapuya. |
| 260 |
_aMadrid : _bNuñez Samper, _c1923. |
||
| 300 |
_a229 p. ; _c19 cm. |
||
| 700 | 1 |
_aSáseta, J. de. _9103905 |
|
| 700 | 1 |
_aLapuya, Isidoro L., _d1865-1932 _970190 |
|
| 852 |
_aES-MaACL _jG-3395 |
||
| 999 |
_c151061 _d151061 |
||